Cartography: Visualization of Geospatial Data - 4th Edition /

Enregistré dans:
Détails bibliographiques
Auteurs principaux: Kraak, Menno-Jan (Auteur), Ormeling, Ferjan (Auteur)
Format: Livre
Langue:anglais
Publié: Boca Raton: CRC Press, 2021
Édition:4. vyd.
Sujets:
Tags: Ajouter un tag
Pas de tags, Soyez le premier à ajouter un tag!

MARC

LEADER 00000nam a22000003a 4500
001 0090527
003 SK-STU
005 20210928112309.1
007 ta
008 210928s ----xo-----e------000-0-----d
020 |a 978-1-138-61395-9 
040 |a STU  |b slo 
041 0 |a eng  |h eng 
044 |a xxu 
100 1 |a Kraak, Menno-Jan  |4 aut 
245 1 0 |a Cartography:  |b Visualization of Geospatial Data - 4th Edition /  |c aut. Menno-Jan Kraak, Ferjan Ormeling 
250 |a 4. vyd. 
260 |a Boca Raton:  |b CRC Press,  |c 2021 
300 |a 245 s. 
650 0 7 |a kartografická vizualizácia 
650 0 7 |a mapové znaky 
650 0 7 |a topografické mapovanie 
700 1 |a Ormeling, Ferjan  |4 aut 
996 |c V* 53173/O-24333  |l VV3  |s P  |a 0  |w 0090527_0001